<?xml version="1.0" encoding="UTF-8"?>
<record
    xmlns:xsi="http://www.w3.org/2001/XMLSchema-instance"
    xsi:schemaLocation="http://www.loc.gov/MARC21/slim http://www.loc.gov/standards/marcxml/schema/MARC21slim.xsd"
    xmlns="http://www.loc.gov/MARC21/slim">

  <leader>00748    a2200193   4500</leader>
  <datafield tag="999" ind1=" " ind2=" ">
    <subfield code="c">25774</subfield>
    <subfield code="d">25774</subfield>
  </datafield>
  <controlfield tag="005">20190305161707.0</controlfield>
  <datafield tag="010" ind1=" " ind2=" ">
    <subfield code="a">B-213069-097,  B-213096</subfield>
  </datafield>
  <datafield tag="020" ind1=" " ind2=" ">
    <subfield code="c">300..00</subfield>
    <subfield code="a">8170173965</subfield>
  </datafield>
  <datafield tag="035" ind1=" " ind2=" ">
    <subfield code="a">B-213069-097, B-213096,B-213091</subfield>
  </datafield>
  <datafield tag="037" ind1=" " ind2=" ">
    <subfield code="b">Pansy</subfield>
  </datafield>
  <datafield tag="082" ind1=" " ind2=" ">
    <subfield code="a">N</subfield>
  </datafield>
  <datafield tag="100" ind1=" " ind2=" ">
    <subfield code="a">Prem, P.C.K. </subfield>
  </datafield>
  <datafield tag="245" ind1=" " ind2=" ">
    <subfield code="a">A handsome man /</subfield>
    <subfield code="c">by P.C.K. Prem</subfield>
  </datafield>
  <datafield tag="260" ind1=" " ind2=" ">
    <subfield code="a">New Delhi</subfield>
    <subfield code="b">Abhinav Publications</subfield>
    <subfield code="c">2001</subfield>
  </datafield>
  <datafield tag="270" ind1=" " ind2=" ">
    <subfield code="a">E-37, Hauz Khas</subfield>
    <subfield code="b">New Delhi</subfield>
    <subfield code="e">110 016</subfield>
    <subfield code="c">Delhi</subfield>
    <subfield code="k">26566387, 26562784, 26524658</subfield>
    <subfield code="l">91-11-6857009</subfield>
    <subfield code="m">www.abhinavexports.com</subfield>
  </datafield>
  <datafield tag="300" ind1=" " ind2=" ">
    <subfield code="a">261p.</subfield>
    <subfield code="c">22cm. (Hb)</subfield>
  </datafield>
  <datafield tag="942" ind1=" " ind2=" ">
    <subfield code="a">dpl</subfield>
    <subfield code="c">EN</subfield>
    <subfield code="2">ddc</subfield>
    <subfield code="h">N</subfield>
    <subfield code="m">PRE</subfield>
  </datafield>
  <datafield tag="952" ind1=" " ind2=" ">
    <subfield code="0">0</subfield>
    <subfield code="1">0</subfield>
    <subfield code="2">ddc</subfield>
    <subfield code="4">0</subfield>
    <subfield code="7">0</subfield>
    <subfield code="8">FIC</subfield>
    <subfield code="a">VP</subfield>
    <subfield code="b">VP</subfield>
    <subfield code="d">2009-04-16</subfield>
    <subfield code="e">Pansy/782/5.8.08/184/21.7.08/13.8.08</subfield>
    <subfield code="g">300.00</subfield>
    <subfield code="l">4</subfield>
    <subfield code="o">N PRE</subfield>
    <subfield code="p">B-284462</subfield>
    <subfield code="r">2015-08-07 00:00:00</subfield>
    <subfield code="s">2015-08-04</subfield>
    <subfield code="t">1</subfield>
    <subfield code="v">300.00</subfield>
    <subfield code="w">2009-04-16</subfield>
    <subfield code="y">EN</subfield>
  </datafield>
  <datafield tag="952" ind1=" " ind2=" ">
    <subfield code="0">0</subfield>
    <subfield code="1">0</subfield>
    <subfield code="4">0</subfield>
    <subfield code="7">0</subfield>
    <subfield code="8">FIC</subfield>
    <subfield code="a">RC</subfield>
    <subfield code="b">RC</subfield>
    <subfield code="d">2018-11-09</subfield>
    <subfield code="g">300.00</subfield>
    <subfield code="l">0</subfield>
    <subfield code="o">N PRE</subfield>
    <subfield code="p"> B-213096</subfield>
    <subfield code="r">2018-11-09 00:00:00</subfield>
    <subfield code="t">1</subfield>
    <subfield code="v">300.00</subfield>
    <subfield code="w">2018-11-09</subfield>
    <subfield code="y">EN</subfield>
  </datafield>
  <datafield tag="952" ind1=" " ind2=" ">
    <subfield code="0">0</subfield>
    <subfield code="1">0</subfield>
    <subfield code="4">0</subfield>
    <subfield code="7">0</subfield>
    <subfield code="8">FIC</subfield>
    <subfield code="a">ZLS</subfield>
    <subfield code="b">ZLS</subfield>
    <subfield code="d">2018-12-20</subfield>
    <subfield code="l">0</subfield>
    <subfield code="o">N PRE</subfield>
    <subfield code="p">B-213095</subfield>
    <subfield code="r">2018-12-20 00:00:00</subfield>
    <subfield code="w">2018-12-20</subfield>
    <subfield code="y">EN</subfield>
  </datafield>
  <datafield tag="952" ind1=" " ind2=" ">
    <subfield code="0">0</subfield>
    <subfield code="1">0</subfield>
    <subfield code="4">0</subfield>
    <subfield code="7">0</subfield>
    <subfield code="8">FIC</subfield>
    <subfield code="a">ZLS</subfield>
    <subfield code="b">ZLS</subfield>
    <subfield code="d">2018-12-20</subfield>
    <subfield code="l">0</subfield>
    <subfield code="o">N PRE</subfield>
    <subfield code="p">B-213094</subfield>
    <subfield code="r">2018-12-20 00:00:00</subfield>
    <subfield code="w">2018-12-20</subfield>
    <subfield code="y">EN</subfield>
  </datafield>
  <datafield tag="952" ind1=" " ind2=" ">
    <subfield code="0">0</subfield>
    <subfield code="1">0</subfield>
    <subfield code="4">0</subfield>
    <subfield code="7">0</subfield>
    <subfield code="8">FIC</subfield>
    <subfield code="a">ZLS</subfield>
    <subfield code="b">ZLS</subfield>
    <subfield code="d">2018-12-20</subfield>
    <subfield code="l">0</subfield>
    <subfield code="o">N PRE</subfield>
    <subfield code="p">B-213080</subfield>
    <subfield code="r">2018-12-20 00:00:00</subfield>
    <subfield code="w">2018-12-20</subfield>
    <subfield code="y">EN</subfield>
  </datafield>
  <datafield tag="952" ind1=" " ind2=" ">
    <subfield code="0">0</subfield>
    <subfield code="1">0</subfield>
    <subfield code="4">0</subfield>
    <subfield code="7">0</subfield>
    <subfield code="8">FIC</subfield>
    <subfield code="a">VV</subfield>
    <subfield code="b">VV</subfield>
    <subfield code="d">2019-03-05</subfield>
    <subfield code="e">BPPD/PUB</subfield>
    <subfield code="l">0</subfield>
    <subfield code="o">N PRE</subfield>
    <subfield code="p">B-213091</subfield>
    <subfield code="r">2019-03-05 00:00:00</subfield>
    <subfield code="w">2019-03-05</subfield>
    <subfield code="y">EN</subfield>
  </datafield>
</record>
